| 000 | 01027aam a2200313 a 4500 | ||
|---|---|---|---|
| 001 | 45118 | ||
| 005 | 20230410132939.0 | ||
| 008 | 930831s1993 ec 000 0 spa | ||
| 010 | _a 93199389 | ||
| 035 | _a(OCoLC)ocm31770590 | ||
| 040 |
_aDLC _cDLC _dIND |
||
| 035 | _a(OCoLC)31770590 | ||
| 043 | _ae-gx--- | ||
| 050 | 1 | 4 |
_aB 2798 _bB734c 1993 |
| 049 | _aGRAL | ||
| 100 | 1 | _aBorja y Borja, Ramiro. | |
| 245 | 1 | 0 |
_aCriticismo y voluntarismo : _bsÃntesis de los sistemas de Kant y Schopenhauer / _cRamiro Borja y Borja. |
| 250 | _a1. ed. | ||
| 260 |
_aQuito, Ecuador : _bUniversidad Central del Ecuador, _c1993. |
||
| 300 |
_a259 p. ; _c22 cm. |
||
| 505 | 0 | _aGeneralidades -- Resumen de obras de Kant -- Resumen de obras de Schopenhauer -- Conclusión. | |
| 600 | 1 | 0 |
_aKant, Immanuel, _d1724-1804. |
| 600 | 1 | 0 |
_aSchopenhauer, Arthur, _d1788-1860. |
| 650 | 0 |
_aPhilosophy, German _y18th century. |
|
| 650 | 0 |
_aPhilosophy, German _y19th century. |
|
| 942 |
_2lcc _cbk |
||
| 946 | _aclperez | ||
| 994 |
_aC0 _bDRFGD |
||
| 999 |
_c90674 _d90674 |
||